000 00910nam a22003017a 4500
001 BR6003590
003 BR-BrBNA
005 20230928093747.0
007 ta
008 230509b bl.||||| |||| 00| 0 por d
040 _aBR-BrBNA
_bpor
_cBiblioteca Nacional de Agricultura
041 _a(Por)
072 _aF01; E70
_b1160
_b1220
_b/G514
090 _ 1160 BR6003590
100 1 _aJohnson, D.V.
110 1 _aBanco do Nordeste do Brasil S.A., Fortaleza, CE (Brasil). Depto. de Estudos Economicos do Nordeste
_91142
245 1 _aO caju do nordeste do Brasil. Um estudo geografico
260 3 _aFortaleza, CE (Brasil):
_c1974.
300 _a169 p.
500 _aBibliography p. 155-169 (177 ref.)
650 _aCaju
650 _aCastanha de Caju
650 _aComercializacao
650 _aIndustrializacao
650 _aRegiao Nordeste
909 _a202309
_bLucia
_c55
_dLucia Elande
942 _cBK
999 _c46943
_d46943